000 00919nas a2200289 4500
001 BR2018000643
003 BR-BrBNA
005 20231205131252.0
007 ta
008 230509b bl.|||p| |||| 00| 00por d
040 _aBR-BrBNA
_bpor
_cBiblioteca Nacional de Agricultura
041 _a(Pt)
072 _aF50
100 1 _aVilhena-Potiguara, R.C.
100 1 _aAguiar-Dias, A.C.A. de
100 1 _aKikuchi, T.Y.S.
100 1 _aSantos, A.C.F. dos
100 1 _aSilva, R.J.F.
245 1 _aEstruturas secretoras em cipó-d'alho (Mansoa standleyi (Steyerm.)A.H. Gentry, Bignoniaceae): ocorrência e morfologia
650 _aBIGNONIA
650 _aMORFOLOGIA VEGETAL
650 _aARVORE ANGIOSPERMA
650 _aINTERAÇÃO
773 0 _tActa Amazônica (Brazil)
_xISSN 0044-5967
_g(Sep 2012), v. 42(3) p. 321-328
_wBR2018000643
909 _a202311
_bLúcia
_c55
_dLúcia Elande
942 _2AGRIS
_n0
_cANA
999 _c253891
_d253891